| 000 | 01033nam0a2200301 4500 | ||
|---|---|---|---|
| 001 | RU\NLR\ONL2\29775 | ||
| 005 | 20250613225107.0 | ||
| 035 | _a(NLR Aleph) 010216728 | ||
| 090 |
_a10301662 _c10301662 |
||
| 100 | _a20140123d1953 |||y0rusy50 ca | ||
| 101 | 0 | _asah | |
| 102 | _aRU | ||
| 105 | _aa ||||||||| | ||
| 200 | 1 |
_aСир оҥоһуутунтөруттэрэ _fакад. В. Р. Вильямс |
|
| 205 | _a6-с таһаарыы | ||
| 210 |
_aЯкутскай _cСаха сиринээҕи кинигэ изд-вота _d1953 |
||
| 215 |
_a292,[3] с. _cил. _d21 |
||
| 541 | 1 |
_aОсновы земледелия _zrus |
|
| 606 | 1 |
_aЗемледелие _9901031 _3RU\NLR\AUTH\667501 |
|
| 686 | 1 | _aП14 | |
| 700 | 1 |
_4070 _7ca _8rus _aВильямс _bВ. Р. _f1863-1939 _gВасилий Робертович _9133245 _3RU\NLR\AUTH\770133279 |
|
| 801 | 0 |
_aRU _bNLR _c20140123 _gPSBO |
|
| 852 |
_aNLR _bОНЛ _jЯкут./3-679 |
||
| 942 | _cBOOK | ||
| 980 | _aNB | ||
| 980 | _aONL_RF | ||